| 000 | 00517nam a2200181Ia 4500 | ||
|---|---|---|---|
| 003 | GCL | ||
| 008 | 140319s9999 xx 000 0 ara d | ||
| 040 |
_aGCL / _cGCL |
||
| 082 | 0 | 4 |
_aط _b507 _bش م |
| 100 | 1 | _aشفيق مهدى | |
| 245 | 1 | 0 |
_aالمتحجرات : صور لاقدم اشكال الحياة / _cشفيق مهدى |
| 300 | _a38 ص | ||
| 490 |
_aالسلسلة العلمية _v0 |
||
| 650 | 0 | 4 | _aالعلم |
| 650 | 0 | 4 | _aالتاريخ الطبيعى |
| 650 | 0 | 4 | _aالاحياء |
| 942 |
_2ddc _cBK |
||
| 999 |
_c46240 _d46240 |
||